Nationalité de joueurs de football - Statistiques

Statistiques générales
  • Ce quiz a été pris 1 163 fois
  • Le résultat moyen est 10 sur 11
Statistiques - réponses
Joueur Pays % Correct
Casemiro Brésil
97%
Christian Eriksen Danemark
97%
David Alaba Autriche
92%
Pierre Emerick Aubameyang Gabon
92%
Diego Godin Uruguay
90%
Kalidou Koulibaly Sénégal
89%
Jan Oblak Slovénie
86%
Miralem Pjanic Bosnie Herzégovine
83%
Radja Nainggolan Belgique
80%
Eric Bailly Côte d'Ivoire
78%
Marek Hamsik Slovaquie
77%
Aucun quiz correspondant
Distribution des résultats
% des personnes avec chaque résultat
Percentile par nombre de réponses
Votre historique - résultats
Vous n’avez pas pris ce quiz